Statistiques concernant Petit bac Harry Potter - T

Cliquez ici pour prendre le quiz!

Statistiques générales

  • Ce quiz a été pris 334 fois
    (269 depuis la dernière actualisation)
  • Le résultat moyen est 3 sur 7

Statistiques - réponses

ThèmeMot% Correct
PersonnageNymphadora Tonks / Dean Thomas / Sibylle Trelawney / Touffu / Trevor / Bathilda Tourdesac / Pius Thicknesse
93%
LieuLe Terrier / Les Trois Balais / La tête de Sanglier / Tissard et Brodette / Tongueburners Ltd / Tottenham Court Road
64%
Moyen de TransportTransplanage / Tapis volant
62%
CréatureTroll / Troll de montagne / Troll de rivière / Troll des forêts / Tébo / Triton à double queue / Tranchesac
38%
SortilègeTarentallegra / Tergeo / Tetenbulle
27%
Potion / Ingrédient de potionsTue loup / Tentacules de Murlap
17%
ObjetTapisserie de la famille Black / Tente de Perkins
4%

Distribution des résultats

Percentile par nombre de réponses

% des personnes avec chaque résultat

Votre développement - résultats

Vous n’avez pas pris ce quiz depuis la dernière actualisation